[Event "EU-chT (Women) 23rd"]
[Site "Terme Catez"]
[Date "2021.11.13"]
[Round "2.8"]
[White "Movileanu, Daniela"]
[Black "Manova, Ivana"]
[Result "0-1"]
[WhiteElo "2214"]
[BlackElo "1809"]
[PlyCount "110"]
[EventDate "2021.11.12"]
[EventType "team-swiss"]
[EventRounds "9"]
[EventCountry "SLO"]
[SourceTitle "CBM 205"]
[Source "ChessBase"]
[SourceDate "2021.12.31"]
[SourceVersion "1"]
[SourceVersionDate "2021.12.31"]
[SourceQuality "1"]
[WhiteTeam "Italy (W)"]
[BlackTeam "North Macedonia (W)"]
[WhiteTeamCountry "ITA"]
[BlackTeamCountry "MKD"]

1. e4 e5 2. Nf3 Nc6 3. Bb5 a6 4. Ba4 Nf6 5. 0-0 Be7 6. Re1 b5 7. Bb3 d6 8. c3 0-0 9. d4 Bg4 10. d5 Na5 11. Bc2 Qc8 12. h3 Bd7 13. Nbd2 c6 14. dxc6 Qxc6 15. Nf1 Rfc8 16. Bb1 Nb7 17. Ng3 g6 18. Bg5 Nc5 19. Nh2 Ne6 20. Bh6 a5 21. a3 Qb7 22. Bd2 Nc5 23. Bc2 Be6 24. Bg5 Ra6 25. Qf3 Ne8 26. Bxe7 Qxe7 27. Ng4 Bxg4 28. Qxg4 Ne6 29. Nf5 Qf8 30. Ne3 Nf6 31. Qe2 Rb6 32. g3 Nc5 33. Red1 Qe8 34. Nd5 Nxd5 35. Rxd5 b4 36. axb4 axb4 37. cxb4 Rxb4 38. Rxd6 Rxb2 39. Qd1 Ne6 40. Ba4 Qe7 41. Rd2 Rxd2 42. Qxd2 Nd4 43. Bd1 Qb7 44. Qd3 Qb4 45. Bg4 Rc2 46. Qa6 Kg7 47. Qa8 Qd2 48. Rf1 h5 49. Bd1 Rc1 50. Qa4 Qd3 51. Qa5 Nf3+ 52. Kg2 Rxd1 53. Rxd1 Qxd1 54. Qc3 Ne1+ 55. Kh2 Nd3 0-1

[Event "EU-Cup (Women) 25th"]
[Site "Struga"]
[Date "2021.09.22"]
[Round "5.4"]
[White "Paehtz, Elisabeth"]
[Black "Manova, Ivana"]
[Result "1-0"]
[WhiteElo "2465"]
[BlackElo "1779"]
[PlyCount "91"]
[EventDate "2021.09.18"]
[EventType "team-tourn"]
[EventRounds "7"]
[EventCountry "MKD"]
[SourceTitle "CBM 204 Extra"]
[Source "ChessBase"]
[SourceDate "2021.11.30"]
[SourceVersion "1"]
[SourceVersionDate "2021.11.30"]
[SourceQuality "1"]
[WhiteTeam "Monte Carlo (W)"]
[BlackTeam "MSK Centar (W)"]
[WhiteTeamCountry "MNC"]
[BlackTeamCountry "BUL"]

1. e4 e5 2. Nf3 Nc6 3. Bb5 a6 4. Ba4 Nf6 5. d3 b5 6. Bb3 Be7 7. a4 Rb8 8. axb5 axb5 9. Nc3 d6 10. Be3 Be6 11. Nd2 d5 12. Bg5 d4 13. Ne2 Nd7 14. Bxe6 fxe6 15. Bxe7 Qxe7 16. 0-0 0-0 17. Nb3 Rf6 18. Qd2 Nc5 19. Na5 Nxa5 20. Rxa5 b4 21. f4 Qd6 22. b3 Nd7 23. fxe5 Rxf1+ 24. Kxf1 Nxe5 25. Kg1 Ng4 26. Qf4 Qb6 27. Rg5 Ne3 28. Qe5 g6 29. h4 Kf7 30. h5 Qd6 31. Nxd4 Rd8 32. Nxe6 Qxe5 33. Nxd8+ Kf6 34. Rxe5 Kxe5 35. hxg6 hxg6 36. Nc6+ Kd6 37. Nxb4 c5 38. Kf2 Nd1+ 39. Ke1 Ne3 40. Ke2 Nxg2 41. Nd5 g5 42. Kf2 Nh4 43. Kg3 Ng6 44. Kg4 Ne5+ 45. Kxg5 Nf3+ 46. Kf6 1-0

[Event "EU-Cup (Women) 25th"]
[Site "Struga"]
[Date "2021.09.21"]
[Round "4.4"]
[White "Manova, Ivana"]
[Black "Solozhenkina, Elizaveta"]
[Result "0-1"]
[WhiteElo "1779"]
[BlackElo "2311"]
[PlyCount "182"]
[EventDate "2021.09.18"]
[EventType "team-tourn"]
[EventRounds "7"]
[EventCountry "MKD"]
[SourceTitle "CBM 204 Extra"]
[Source "ChessBase"]
[SourceDate "2021.11.30"]
[SourceVersion "1"]
[SourceVersionDate "2021.11.30"]
[SourceQuality "1"]
[WhiteTeam "MSK Centar (W)"]
[BlackTeam "South Ural Cheliabinsk (W)"]
[WhiteTeamCountry "BUL"]
[BlackTeamCountry "RUS"]

1. e4 e6 2. d4 d5 3. e5 c5 4. c3 Qb6 5. Nf3 Nc6 6. Bd3 Bd7 7. 0-0 a5 8. Bc2 cxd4 9. cxd4 Nb4 10. Ba4 Bxa4 11. Qxa4+ Qc6 12. Qxc6+ bxc6 13. a3 Nd3 14. Rd1 Nxc1 15. Rxc1 Kd7 16. b3 Nh6 17. Nc3 Be7 18. Na4 Rhb8 19. Rc3 Rb5 20. Ne1 Nf5 21. Nc2 h5 22. h3 g5 23. g4 hxg4 24. hxg4 Nh4 25. Ne1 Rab8 26. Nd3 Nf3+ 27. Kg2 Nxd4 28. Nac5+ Bxc5 29. Nxc5+ Ke7 30. b4 Ne2 31. Rc2 Nf4+ 32. Kg1 Ra8 33. Nb3 axb4 34. Nd4 Rb7 35. Rb1 Rxa3 36. Rxb4 Rxb4 37. Nxc6+ Kd7 38. Nxb4 Ra4 39. Rb2 Ng6 40. Nd3 Rxg4+ 41. Kh2 Ke7 42. f3 Rd4 43. Rb3 Nf4 44. Nf2 Rd2 45. Rb7+ Kf8 46. Kg1 Kg7 47. Ng4 Ng6 48. Kf1 Ra2 49. Rb8 Ra3 50. Ke2 Nh4 51. Nf6 Nxf3 52. Rg8+ Kh6 53. Ng4+ Kh5 54. Nf6+ Kh4 55. Kf2 Kh3 56. Rg7 Nh4 57. Rxg5 Rf3+ 58. Ke2 d4 59. Ng4 d3+ 60. Kd2 Nf5 61. Nf6 Ng3 62. Rg7 Nf1+ 63. Kd1 d2 64. Ne4 Re3 65. Nxd2 Nxd2 66. Kxd2 Rf3 67. Ke2 Rf5 68. Kd3 Kh4 69. Kd4 Kh5 70. Ke4 Kh6 71. Rg4 Rg5 72. Rf4 Kg6 73. Rf6+ Kg7 74. Rf4 Rg1 75. Kd4 Ra1 76. Rg4+ Kf8 77. Ke3 Ra3+ 78. Kf2 Ke7 79. Rb4 Ra5 80. Re4 Kd7 81. Rf4 Ke7 82. Re4 Ra3 83. Rb4 Kf8 84. Rg4 Ra5 85. Re4 Kg7 86. Rg4+ Kh6 87. Rf4 Kg6 88. Rg4+ Kf5 89. Rg7 Ra7 90. Ke3 Kxe5 91. Rg5+ f5 0-1

[Event "FRM-chT 29th"]
[Site "Struga"]
[Date "2021.08.15"]
[Round "1"]
[White "Manova, Ivana"]
[Black "Podlesnik, Bogdan"]
[Result "0-1"]
[WhiteElo "1721"]
[BlackElo "2325"]
[PlyCount "56"]
[EventDate "2021.08.15"]
[EventType "team-tourn"]
[EventRounds "7"]
[EventCountry "MKD"]
[SourceTitle "CBM 203 Extra"]
[Source "ChessBase"]
[SourceDate "2021.09.30"]
[SourceVersion "1"]
[SourceVersionDate "2021.09.30"]
[SourceQuality "1"]
[WhiteTeam "Skopje MSK Centar"]
[BlackTeam "Skopje Gambit Asseko"]
[WhiteTeamCountry "MKD"]
[BlackTeamCountry "MKD"]

1. e4 c5 2. Nf3 e6 3. g3 Nc6 4. Bg2 d5 5. exd5 exd5 6. d4 c4 7. 0-0 Nf6 8. b3 cxb3 9. axb3 Be7 10. Ba3 Bxa3 11. Nxa3 0-0 12. Re1 Bg4 13. Qd3 Bxf3 14. Bxf3 Qb6 15. c4 Qxd4 16. Qf5 Qc3 17. Nb5 Qxb3 18. Bxd5 Nxd5 19. Qxd5 Rad8 20. Qc5 a6 21. Nd6 Rd7 22. Rab1 Qc3 23. Nxb7 Nd4 24. Re3 Qc2 25. Rbe1 Ne6 26. Qc6 Rd2 27. Qf3 Ng5 28. Qg2 Rxf2 0-1